| 000 | 00373 a2200169 4500 | ||
|---|---|---|---|
| 001 | 191951 | ||
| 020 | _a85-16-03143-8 | ||
| 040 | _cMagnum | ||
| 100 | _aForjaz, Sonia Salerno | ||
| 240 | 1 | 0 |
_aBarulhinhos do silĂȘncio _lpor |
| 245 | 1 | 0 | _aBarulhinhos do silĂȘncio |
| 300 | _a31 | ||
| 362 | 0 | _a2002 | |
| 440 | 1 | _aModerna | |
| 697 | _aLITERATURA INFANTIL | ||
| 942 | _cBK | ||
| 999 |
_c191951 _d191951 |
||